[Event "WCh w Blitz Final"]
[Site "Moscow RUS"]
[Date "2010.09.17"]
[Round "1"]
[White "Zhukova,N"]
[Black "Kosintseva,N"]
[Result "1/2-1/2"]
[WhiteElo "2499"]
[BlackElo "2565"]
[EventDate "2010.09.17"]

1. d4 Nf6 2. c4 e6 3. Nf3 d5 4. Nc3 Bb4 5. e3 O-O 6. Bd3 c5 7. O-O Nc6 8.
a3 Bxc3 9. bxc3 Qc7 10. Bb2 Re8 11. h3 b6 12. cxd5 exd5 13. dxc5 Na5 14.
Qa4 bxc5 15. c4 Bd7 16. Qc2 dxc4 17. Bxc4 Nxc4 18. Qxc4 Ne4 19. Rfd1 Bf5
20. Rac1 h6 21. Ba1 Rac8 22. Nd4 Bg6 23. Nb5 Qb6 24. f3 a6 25. Nc3 Nd6 26.
Qf4 Nb5 27. Nd5 Qe6 28. e4 Kh7 29. a4 Nd4 30. Bxd4 cxd4 31. Nc7 Qe5 32.
Qxe5 Rxe5 33. Rxd4 f5 34. exf5 Bxf5 35. Rdc4 a5 36. Nb5 Rd8 37. Rc5 Rdd5
38. Rxd5 Rxd5 39. Nc7 Re5 40. Na6 Re6 41. Nc5 Rb6 42. g4 1/2-1/2

[Event "WCh w Blitz Final"]
[Site "Moscow RUS"]
[Date "2010.09.17"]
[Round "1"]
[White "Kosintseva,T"]
[Black "Gunina,V"]
[Result "0-1"]
[WhiteElo "2573"]
[BlackElo "2465"]
[EventDate "2010.09.17"]

1. e4 c6 2. d4 d5 3. e5 Bf5 4. Nf3 e6 5. Be2 Nd7 6. O-O Ne7 7. Nbd2 Nc8 8.
c3 Be7 9. Ne1 O-O 10. f4 f6 11. exf6 Nxf6 12. Nef3 Nd6 13. Ne5 h6 14. Ndf3
Nfe4 15. Be3 Rc8 16. Nd2 c5 17. dxc5 Nxd2 18. cxd6 Nxf1 19. dxe7 Qxe7 20.
Qxf1 Be4 21. Qe1 a6 22. Qd2 Rcd8 23. Bd3 Bxd3 24. Qxd3 Rf5 25. Re1 Qd6 26.
Nf3 Rf6 27. g3 Re8 28. Bd4 Rf5 29. Nh4 Rf7 30. Ng6 Rd8 31. Qe3 Re8 32. Kg2
Rf5 33. Ne5 Qc7 34. Nd3 Qc6 35. g4 Rff8 36. h3 Qc7 37. Be5 Qc6 38. Qd4 Rf7
39. a3 Rd7 40. Re2 Rc8 41. Qe3 d4+ 42. Qe4 Qxe4+ 43. Rxe4 dxc3 44. Bxc3
Rxd3 45. Rxe6 Rc7 46. f5 Rcd7 47. Rg6 Kh7 48. Re6 R3d6 49. Re2 Kg8 50. Re3
Kf7 51. Re2 g6 52. f6 Re6 53. Rf2 g5 54. Rf5 Rd3 55. Rc5 Rd7 56. Kf2 Rc6
57. Rf5 b5 58. Rf3 Rcd6 59. Rf5 Rd5 60. Rf3 Rd3 61. Rf5 Rxh3 62. Rc5 Rhd3
63. Rc6 R3d6 64. Rc8 a5 65. Rh8 b4 66. axb4 axb4 67. Be5 Rd2+ 68. Ke3 Rd1
69. Rxh6 Re1+ 70. Kf2 Rxe5 71. Rh7+ Ke6 0-1

[Event "WCh w Blitz Final"]
[Site "Moscow RUS"]
[Date "2010.09.17"]
[Round "1"]
[White "Koneru,H"]
[Black "Lahno,Kateri"]
[Result "1-0"]
[WhiteElo "2593"]
[BlackElo "2539"]
[EventDate "2010.09.17"]

1. d4 Nf6 2. c4 g6 3. g3 Bg7 4. Bg2 d5 5. cxd5 Nxd5 6. e4 Nb6 7. Ne2 c5 8.
d5 e6 9. Nbc3 O-O 10. O-O Na6 11. Nf4 e5 12. Nd3 c4 13. Ne1 Bd7 14. Be3 Nc8
15. a4 Nd6 16. Nc2 Qc7 17. Na3 Nb4 18. b3 Nd3 19. Qe2 Qa5 20. Ncb5 Nxb5 21.
axb5 Qc7 22. Nxc4 Nb4 23. Ra4 a5 24. Bb6 Qb8 25. Bxa5 Bxb5 26. Bxb4 Bxc4
27. Qxc4 b5 28. Rxa8 bxc4 29. Rxb8 Rxb8 30. Be7 cxb3 31. Rb1 Bf8 32. Bxf8
Kxf8 33. Rb2 Ke7 34. Bf1 Rb4 35. f3 f5 36. exf5 gxf5 37. Be2 Kd6 38. Bd1
Kxd5 39. Rxb3 Rd4 40. Be2 e4 41. fxe4+ fxe4 42. Kf2 Ra4 43. Rb7 Kd4 44.
Rd7+ Ke5 45. Rxh7 Kd4 46. Rd7+ Ke5 47. h4 Ra1 48. h5 Rh1 49. Ke3 Rh3 50.
Rg7 Kf6 51. Rg6+ Kf5 52. Bg4+ 1-0

[Event "WCh w Blitz Final"]
[Site "Moscow RUS"]
[Date "2010.09.17"]
[Round "1"]
[White "Stefanova,A"]
[Black "Muzychuk,M"]
[Result "1-0"]
[WhiteElo "2551"]
[BlackElo "2464"]
[EventDate "2010.09.17"]

1. d4 f5 2. Bg5 g6 3. Nf3 Bg7 4. h4 h6 5. Bf4 d6 6. Nc3 Nf6 7. e3 e6 8. Bd3
O-O 9. Qd2 Nc6 10. a3 Qe7 11. Bc4 Kh7 12. O-O-O e5 13. Bh2 Bd7 14. dxe5
dxe5 15. Qe2 Rad8 16. Nd5 Nxd5 17. Bxd5 Bf6 18. Bg3 e4 19. Ng5+ Kg7 20. Nh3
Ne5 21. Nf4 c6 22. Bb3 Bc8 23. Rxd8 Rxd8 24. f3 Nf7 25. fxe4 Qxe4 26. h5 g5
27. Nd3 Nd6 28. Qf2 Nc4 29. Bxc4 Qxc4 30. Be5 Qe6 31. Bxf6+ Qxf6 32. Qg3
Be6 33. Qc7+ Rd7 34. Qa5 b6 35. Qa4 c5 36. Rf1 Re7 37. g4 Bc8 38. gxf5 Rxe3
39. Qxa7+ Re7 40. Qb8 Bxf5 41. a4 Qe6 42. Qd8 Qe3+ 43. Kb1 Rf7 44. Qxb6 Qe2
45. Re1 Qxh5 46. Ne5 Re7 47. Qxc5 Qe8 48. a5 Qd8 49. a6 Re6 50. a7 Qa8 51.
Qc7+ Kf6 52. Nd7+ Kg6 53. Rxe6+ Bxe6 54. Nf8+ Kf6 55. Nxe6 Kxe6 56. Qb8
Qxb8 1-0

[Event "WCh w Blitz Final"]
[Site "Moscow RUS"]
[Date "2010.09.17"]
[Round "1"]
[White "Paikidze,N"]
[Black "Sebag,M"]
[Result "0-1"]
[WhiteElo "2376"]
[BlackElo "2499"]
[EventDate "2010.09.17"]

1. e4 c5 2. Nf3 d6 3. d4 cxd4 4. Nxd4 Nf6 5. Nc3 a6 6. Bg5 e6 7. Qd2 Nbd7
8. f4 h6 9. Bxf6 Nxf6 10. Be2 Qc7 11. O-O-O Be7 12. Kb1 b5 13. a3 Rb8 14.
Rhe1 O-O 15. Bf3 b4 16. axb4 Rxb4 17. e5 dxe5 18. fxe5 Rd8 19. Qe3 Bc5 20.
exf6 Bxd4 21. Rxd4 Rbxd4 22. fxg7 Qf4 23. Qf2 Qd2 24. Qg3 Qg5 25. Qc7 R4d7
26. Qc4 Bb7 27. h4 Qxg7 28. Bg4 Rd4 29. Qc7 Qxg4 30. Qxb7 Qxh4 31. Qxa6
Qxe1+ 32. Ka2 R4d6 33. Qb7 Qe5 34. Qf3 Qa5+ 35. Kb1 Qg5 36. b3 Rd2 37. Ne4
Rd1+ 38. Kb2 Qc1+ 0-1

[Event "WCh w Blitz Final"]
[Site "Moscow RUS"]
[Date "2010.09.17"]
[Round "2"]
[White "Kosintseva,N"]
[Black "Gaponenko,I"]
[Result "0-1"]
[WhiteElo "2565"]
[BlackElo "2469"]
[EventDate "2010.09.17"]

1. e4 c5 2. Nf3 d6 3. d4 cxd4 4. Nxd4 Nf6 5. Nc3 g6 6. Be2 Bg7 7. O-O Nc6
8. Be3 O-O 9. h3 d5 10. exd5 Nb4 11. Nb3 Nfxd5 12. Nxd5 Nxd5 13. Bd4 e5 14.
Bc5 Re8 15. Bb5 Bd7 16. a4 Bxb5 17. axb5 b6 18. c4 Nf4 19. Be3 Nd3 20. Qe2
e4 21. Rab1 Rc8 22. Qc2 Nb4 23. Qc1 Qd3 24. Nd2 Nc2 25. Kh1 Nxe3 26. fxe3
Qxe3 27. Qc2 Qd3 28. Qxd3 exd3 29. b3 Re2 30. Rbd1 Rd8 31. Rf3 Bh6 32. Nf1
d2 33. Kg1 Re1 0-1

[Event "WCh w Blitz Final"]
[Site "Moscow RUS"]
[Date "2010.09.17"]
[Round "2"]
[White "Nebolsina,V"]
[Black "Skripchenko,A"]
[Result "1/2-1/2"]
[WhiteElo "2360"]
[BlackElo "2464"]
[EventDate "2010.09.17"]

1. d4 d6 2. e4 Nf6 3. Nc3 g6 4. Be3 c6 5. f3 b5 6. Qd2 Nbd7 7. Bd3 e5 8. d5
cxd5 9. Nxd5 Nxd5 10. exd5 a6 11. a4 bxa4 12. Ne2 Bb7 13. Nc3 Nb6 14. Be2
Bg7 15. h4 h5 16. Bg5 Qc7 17. Ne4 f5 18. Nf6+ Kf7 19. g4 Bxf6 20. Bxf6 Kxf6
21. Qg5+ Kf7 22. gxf5 Rhg8 23. Rg1 Qe7 24. fxg6+ Ke8 25. Qxh5 Kd7 26. Ra3
Bxd5 27. Qg4+ Kc7 28. h5 Rh8 29. g7 Rh6 30. Rc3+ Kb7 31. Bc4 Bxc4 32. Rxc4
Nxc4 33. Qxc4 Rc8 34. Qd5+ Kb6 35. g8=Q Rxg8 36. Rxg8 Qh4+ 37. Ke2 Qh2+ 38.
Ke1 Qh1+ 1/2-1/2

[Event "WCh w Blitz Final"]
[Site "Moscow RUS"]
[Date "2010.09.17"]
[Round "2"]
[White "Sebag,M"]
[Black "Krush,I"]
[Result "1-0"]
[WhiteElo "2499"]
[BlackElo "2490"]
[EventDate "2010.09.17"]

1. e4 c5 2. Nf3 e6 3. c3 Nf6 4. e5 Nd5 5. d4 cxd4 6. cxd4 d6 7. Bc4 Nc6 8.
O-O Be7 9. Qe2 O-O 10. Nc3 Nxc3 11. bxc3 dxe5 12. dxe5 b6 13. Rd1 Qc7 14.
Qe4 Bb7 15. Bd3 g6 16. Bf4 Nb4 17. Qe3 Nd5 18. Qd2 Nxf4 19. Qxf4 Rfd8 20.
Rac1 Rd7 21. Nd4 Rad8 22. h4 Rd5 23. Re1 Rc5 24. h5 Rxc3 25. hxg6 hxg6 26.
Nxe6 fxe6 27. Bxg6 Rf8 28. Qg4 Rxc1 29. Be4+ Bg5 30. Qxg5+ Kf7 31. Rxc1 Qd7
32. Bg6+ Kg7 33. Be8+ 1-0

[Event "WCh w Blitz Final"]
[Site "Moscow RUS"]
[Date "2010.09.17"]
[Round "2"]
[White "Muzychuk,M"]
[Black "Paikidze,N"]
[Result "1-0"]
[WhiteElo "2464"]
[BlackElo "2376"]
[EventDate "2010.09.17"]

1. e4 c6 2. d4 d5 3. Nc3 dxe4 4. Nxe4 Nd7 5. Nf3 Ngf6 6. Bd3 Nxe4 7. Bxe4
Nf6 8. Bd3 e6 9. O-O c5 10. c3 cxd4 11. Nxd4 Be7 12. Bf4 a6 13. Qb3 O-O 14.
Rad1 Qa5 15. Rfe1 Bd7 16. Re5 b5 17. Re2 Rac8 18. Be5 Qb6 19. Bb1 g6 20. a4
Nd5 21. axb5 axb5 22. Be4 Nf6 23. Bf3 Rfd8 24. Red2 Be8 25. Ne2 Rxd2 26.
Rxd2 Qc5 27. Bd4 Qc7 28. Ng3 Bc6 29. Bxc6 Qxc6 30. h3 Rd8 31. Qd1 Rd5 32.
Be3 Bd6 33. Ne2 Rxd2 34. Qxd2 Nd5 35. Nd4 Qc4 36. b3 Qxc3 37. Nxb5 Qa1+ 38.
Qc1 Qxc1+ 39. Bxc1 Bb4 40. Kf1 Kf8 41. Ke2 Ke7 42. Kd3 Kd7 43. Kc4 Be1 44.
f3 h5 45. Nd4 h4 46. Nc2 Bg3 47. b4 Bf4 48. Bxf4 Nxf4 49. Ne3 Kc6 50. Kd4
f6 51. Kc4 Ne2 52. Ng4 f5 53. Ne5+ Kd6 54. Nxg6 e5 55. Nxh4 Ng3 56. b5 f4
57. b6 Kc6 58. b7 Kxb7 59. Kd5 Kc7 60. Kxe5 Ne2 61. Ng6 Kd7 62. Nxf4 1-0

[Event "WCh w Blitz Final"]
[Site "Moscow RUS"]
[Date "2010.09.17"]
[Round "2"]
[White "Lahno,Kateri"]
[Black "Stefanova,A"]
[Result "1-0"]
[WhiteElo "2539"]
[BlackElo "2551"]
[EventDate "2010.09.17"]

1. e4 e5 2. Nf3 Nc6 3. Bb5 Nf6 4. d3 Bc5 5. c3 O-O 6. O-O d6 7. Ba4 Bb6 8.
Nbd2 Ne7 9. h3 c6 10. Re1 Ng6 11. Nf1 Nh5 12. d4 Nhf4 13. Be3 Qf6 14. Ng3
Re8 15. Bc2 Be6 16. Nh2 Nh4 17. Bxf4 Qxf4 18. Re3 Rad8 19. Nh5 Qh6 20. Ng4
Bxg4 21. Qxg4 Ng6 22. Rd1 c5 23. d5 c4 24. Rf3 Rf8 25. Rf5 Kh8 26. Ng3 Nf4
27. Ne2 g6 28. Rxf4 exf4 29. Nxf4 Rfe8 30. Qf3 Re5 31. Ne2 Qg7 32. Ng3 Rde8
33. Qe2 Rc8 34. Qg4 Ree8 35. Ba4 Rf8 36. Qe2 a6 37. Bd7 Rc7 38. Bg4 h5 39.
Bf3 h4 40. Nf1 Qe5 41. Nd2 Rcc8 42. Nxc4 Rxc4 43. Qxc4 Qe7 44. Qe2 Kg7 45.
Qd2 f5 46. exf5 Rxf5 47. Re1 Re5 48. Rxe5 Qxe5 49. Kf1 Qh2 50. Qd3 Qh1+ 51.
Ke2 Qg1 52. Qe4 Qxf2+ 53. Kd3 Bd8 54. Qe6 Qb6 55. Qd7+ Kf8 56. Be4 g5 57.
Bg6 Qb5+ 58. Qxb5 axb5 59. Bf5 Ke7 60. Bc8 b6 61. Ba6 b4 62. cxb4 Kf6 63.
Bc8 Ke5 64. Kc4 Kf4 65. a4 Kg3 66. Kb5 Kxg2 67. a5 bxa5 68. bxa5 Bc7 69. a6
Bb8 70. Kb6 Kf3 71. Kb7 Ke4 72. Kxb8 1-0

[Event "WCh w Blitz Final"]
[Site "Moscow RUS"]
[Date "2010.09.17"]
[Round "2"]
[White "Gunina,V"]
[Black "Koneru,H"]
[Result "1-0"]
[WhiteElo "2465"]
[BlackElo "2593"]
[EventDate "2010.09.17"]

1. d4 Nf6 2. Nf3 d5 3. c4 e6 4. Nc3 Bb4 5. Bg5 Nbd7 6. e3 c5 7. cxd5 exd5
8. Bd3 c4 9. Bf5 Nb6 10. Bxc8 Rxc8 11. O-O O-O 12. Ne5 Bxc3 13. bxc3 Qd6
14. Bxf6 Qxf6 15. a4 Rc7 16. Rb1 Qe6 17. Rb5 f6 18. Nf3 a6 19. Rb4 Nc8 20.
Qb1 Nd6 21. Rb6 Qd7 22. Nd2 Re8 23. Re1 Rc6 24. h3 Qc7 25. Rb4 Re7 26. e4
dxe4 27. Nxe4 Nxe4 28. Rxe4 Rce6 29. Rxe6 Rxe6 30. Rxb7 Qf4 31. g3 Qf3 32.
Rb8+ Kf7 33. Qb7+ Qxb7 34. Rxb7+ Kg6 35. Rc7 Kf5 36. Rxc4 Ke4 37. Kg2 h5
38. Rc5 g6 39. d5 Rd6 40. c4 Kd4 41. Rc6 Rd8 42. Rxa6 Kxc4 43. Rxf6 1-0

[Event "WCh w Blitz Final"]
[Site "Moscow RUS"]
[Date "2010.09.17"]
[Round "2"]
[White "Zhukova,N"]
[Black "Kosintseva,T"]
[Result "0-1"]
[WhiteElo "2499"]
[BlackElo "2573"]
[EventDate "2010.09.17"]

1. d4 Nf6 2. c4 e6 3. Nf3 d5 4. Nc3 Bb4 5. e3 O-O 6. Bd3 c5 7. O-O Nc6 8.
a3 Bxc3 9. bxc3 Qc7 10. Bb2 dxc4 11. Bxc4 e5 12. h3 Bf5 13. Qe2 Bg6 14. Bb5
e4 15. Bxc6 bxc6 16. Ne5 Bh5 17. Qc4 Rab8 18. Rab1 Nd7 19. Nxd7 Qxd7 20.
Qxc5 Rb5 21. Qc4 Rfb8 22. Qa2 Bf3 23. Kh2 Bxg2 24. Kxg2 Rg5+ 25. Kh2 Qd6+
26. Kh1 Qd7 27. Kh2 Rh5 28. Rh1 Qxh3+ 29. Kg1 Rg5+ 0-1

[Event "WCh w Blitz Final"]
[Site "Moscow RUS"]
[Date "2010.09.17"]
[Round "3"]
[White "Kosintseva,T"]
[Black "Kosintseva,N"]
[Result "1-0"]
[WhiteElo "2573"]
[BlackElo "2565"]
[EventDate "2010.09.17"]

1. e4 d6 2. d4 Nf6 3. Nc3 g6 4. Be3 c6 5. Qd2 b5 6. Bd3 Nbd7 7. Nf3 Qc7 8.
Bh6 e5 9. O-O Bb7 10. a4 b4 11. Ne2 a5 12. c3 bxc3 13. bxc3 Be7 14. h3 c5
15. dxe5 dxe5 16. Bb5 Nxe4 17. Qe3 Bc6 18. Bg7 Rg8 19. Bxe5 Qc8 20. Ng3 f5
21. Qh6 Bxb5 22. axb5 Nxe5 23. Nxe5 Qe6 24. Nxe4 fxe4 25. Nc6 Bf6 26. Qxh7
a4 27. Qb7 Qc8 28. Qb6 a3 29. Qxc5 Qe6 30. Rxa3 Rxa3 31. Qxa3 g5 32. Qa7 g4
33. hxg4 Qxg4 34. Qb8+ Kf7 35. Qc7+ Ke6 36. Qh2 Rh8 37. Qg3 Qxg3 38. fxg3
Bxc3 39. Rc1 Bf6 40. Re1 Kd5 41. Kf2 Re8 42. Ke3 Kc5 43. Rb1 Bg5+ 44. Ke2
e3 45. Na5 Kb6 46. Nc4+ Kc5 47. Na3 Rf8 48. b6 Kc6 49. Nc4 Rb8 50. Na5+ Kc5
51. b7 Bd8 52. Nb3+ Kd5 53. Nc1 Kc6 54. Nd3 Rxb7 55. Rxb7 Kxb7 56. Kxe3 Kc6
57. Ke4 Kd6 58. Kf5 Ke7 59. Kg6 Kf8 60. g4 Bc7 61. Nc5 Kg8 62. Ne6 Bg3 63.
g5 Bf2 64. Kf5 Be1 65. g6 Bd2 66. Nc5 Bc3 67. Ne4 Bd4 68. Nf6+ Kg7 69. Nh5+
Kg8 70. Nf4 Bb2 71. Ne6 Bc3 72. g4 Bb2 73. Kg5 Bc1+ 74. Kh5 Bb2 75. Kh6
Bc1+ 76. g5 Bb2 77. Nf4 Bg7+ 78. Kh5 Be5 79. Nd5 Kg7 80. Ne3 Bc3 81. Nf5+
Kg8 82. Kh6 Ba5 83. g7 Bd8 84. Kg6 1-0

[Event "WCh w Blitz Final"]
[Site "Moscow RUS"]
[Date "2010.09.17"]
[Round "3"]
[White "Koneru,H"]
[Black "Zhukova,N"]
[Result "1/2-1/2"]
[WhiteElo "2593"]
[BlackElo "2499"]
[EventDate "2010.09.17"]

1. d4 d5 2. c4 e6 3. Nc3 c5 4. cxd5 exd5 5. Nf3 Nc6 6. g3 c4 7. Bg2 Bb4 8.
O-O Nge7 9. e4 dxe4 10. Nxe4 O-O 11. Bd2 Bf5 12. Re1 Qb6 13. Rc1 Rad8 14.
Rxc4 Be6 15. Rc1 Bxd2 16. Qxd2 Nxd4 17. Nxd4 Rxd4 18. Qg5 Ng6 19. Nc5 Bxa2
20. Nxb7 Qxb2 21. Qc5 Rd2 22. h4 h5 23. Qxa7 Bd5 24. Bxd5 Rxd5 25. Nc5 Ne5
26. Kg2 Rd2 27. Ne4 Nd3 28. Nxd2 Nxe1+ 29. Rxe1 Qxd2 30. Qe7 Qd5+ 1/2-1/2

[Event "WCh w Blitz Final"]
[Site "Moscow RUS"]
[Date "2010.09.17"]
[Round "3"]
[White "Stefanova,A"]
[Black "Gunina,V"]
[Result "1-0"]
[WhiteElo "2551"]
[BlackElo "2465"]
[EventDate "2010.09.17"]

1. d4 d5 2. c4 c6 3. cxd5 cxd5 4. Nc3 Nf6 5. Bf4 Nc6 6. e3 e6 7. Bd3 Bd6 8.
Bg3 O-O 9. f4 a6 10. Nf3 b5 11. Ne5 Bb7 12. O-O Na5 13. Bh4 Be7 14. Bxf6
Bxf6 15. Qf3 Rc8 16. Qh3 g6 17. Rae1 Bg7 18. g4 b4 19. Nd1 Nc4 20. Nf3 Qa5
21. b3 Nd6 22. Re2 Ne4 23. f5 Nc3 24. Nxc3 Rxc3 25. fxg6 fxg6 26. Bb1 Qc7
27. Ree1 Qe7 28. Qg3 a5 29. h4 Ba6 30. Rf2 Bb5 31. h5 Qe8 32. hxg6 hxg6 33.
Rh2 Qf7 34. Ng5 Qf6 35. Qh4 Rfc8 36. Qh7+ Kf8 37. Rf2 Ke7 38. Rxf6 1-0

[Event "WCh w Blitz Final"]
[Site "Moscow RUS"]
[Date "2010.09.17"]
[Round "3"]
[White "Paikidze,N"]
[Black "Lahno,Kateri"]
[Result "0-1"]
[WhiteElo "2376"]
[BlackElo "2539"]
[EventDate "2010.09.17"]

1. e4 e5 2. Nf3 Nc6 3. Bc4 Bc5 4. O-O d6 5. c3 Nf6 6. d4 Bb6 7. Re1 O-O 8.
h3 h6 9. a4 a6 10. d5 Ne7 11. Nbd2 Ng6 12. Nf1 c6 13. Be3 cxd5 14. exd5 Bd7
15. Bb3 Rc8 16. Ng3 Bxe3 17. Rxe3 Nf4 18. Ne2 N6h5 19. Nxf4 Nxf4 20. Nd2 f5
21. Kh2 Qf6 22. Nf3 Qg6 23. Qf1 b5 24. a5 Rc5 25. Rd1 Be8 26. Nxe5 dxe5 27.
Rxe5 Qd6 28. Rde1 Ng6 29. f4 Bf7 30. Rxf5 Bxd5 31. Rxf8+ Kxf8 32. Bc2 Ne7
33. g3 Rc8 34. Qe2 Rd8 35. Rd1 Qf6 36. Be4 Qe6 37. Rd4 Nc6 38. f5 Nxd4 0-1

[Event "WCh w Blitz Final"]
[Site "Moscow RUS"]
[Date "2010.09.17"]
[Round "3"]
[White "Krush,I"]
[Black "Muzychuk,M"]
[Result "1-0"]
[WhiteElo "2490"]
[BlackElo "2464"]
[EventDate "2010.09.17"]

1. d4 Nf6 2. c4 e6 3. Nc3 Bb4 4. Qc2 O-O 5. e4 d5 6. e5 Ne4 7. Bd3 c5 8.
Nge2 Nc6 9. O-O cxd4 10. cxd5 exd5 11. Nxd5 Qxd5 12. Bxe4 Qxe5 13. Bxh7+
Kh8 14. Bd3 Be6 15. Bf4 Qf6 16. a3 Be7 17. Qd2 Rfd8 18. Ng3 g6 19. Ne4 Qh4
20. Ng5 Bd5 21. Rfe1 Re8 22. g3 Qg4 23. Be4 Bxg5 24. Bxd5 Bxf4 25. Qxf4
Qxf4 26. gxf4 Kg7 27. Bxc6 bxc6 28. b4 Rad8 29. Kg2 Kf6 30. Kf3 Kf5 31.
Rad1 Rxe1 32. Rxe1 f6 33. Rc1 Rd6 34. Rc5+ Ke6 35. Ke2 Rd5 36. Rxc6+ Kf5
37. Kd3 a5 38. Rc5 Rxc5 39. bxc5 Ke6 40. Kxd4 1-0

[Event "WCh w Blitz Final"]
[Site "Moscow RUS"]
[Date "2010.09.17"]
[Round "3"]
[White "Muzychuk,A"]
[Black "Nebolsina,V"]
[Result "1-0"]
[WhiteElo "2535"]
[BlackElo "2360"]
[EventDate "2010.09.17"]

1. e4 e5 2. d4 exd4 3. Nf3 d5 4. Qxd4 Nf6 5. Nc3 Nc6 6. Bb5 Bd7 7. Bxc6
bxc6 8. O-O Be7 9. exd5 cxd5 10. Nxd5 Nxd5 11. Qxd5 O-O 12. Bf4 Be6 13.
Qxd8 Raxd8 14. b3 c5 15. Rad1 Bf5 16. c4 Bd3 17. Rfe1 Bf6 18. Be5 Rd7 19.
Bxf6 gxf6 20. Rd2 Rfd8 21. Red1 Kf8 22. Ne1 Bf5 23. Rxd7 Rxd7 24. Rxd7 Bxd7
25. Nd3 Bf5 26. Nxc5 Bb1 27. a3 Ke7 28. f4 Kd6 29. b4 f5 30. Nb3 Ba2 31.
Nd2 1-0

[Event "WCh w Blitz Final"]
[Site "Moscow RUS"]
[Date "2010.09.17"]
[Round "4"]
[White "Sebag,M"]
[Black "Muzychuk,A"]
[Result "1/2-1/2"]
[WhiteElo "2499"]
[BlackElo "2535"]
[EventDate "2010.09.17"]

1. e4 c5 2. Nf3 e6 3. c3 d5 4. exd5 exd5 5. d4 Nf6 6. Bb5+ Nc6 7. O-O cxd4
8. Nxd4 Bd7 9. Nd2 Nxd4 10. Bxd7+ Qxd7 11. cxd4 Be7 12. Nf3 O-O 13. Ne5 Qf5
14. Qb3 b6 15. Be3 Rfc8 16. Rac1 Bd6 17. Qd3 Qxd3 18. Nxd3 Kf8 19. f3 h6
20. Kf2 Ke7 21. Ne5 Bxe5 22. dxe5 Nd7 23. f4 h5 24. Kf3 Ke6 25. h3 Nc5 26.
g4 hxg4+ 27. hxg4 Nd3 28. Rcd1 Nxb2 29. f5+ Ke7 30. Rxd5 Rc3 31. Ke4 Rac8
32. f6+ gxf6 33. Rxf6 R8c4+ 34. Bd4 Rg3 35. Rfd6 Na4 36. Rd7+ Kf8 37. Rd8+
Ke7 38. R5d7+ Ke6 39. Rd6+ Ke7 40. R8d7+ Kf8 41. Kf5 Rf3+ 42. Kg5 Nc5 43.
Rd8+ Ke7 44. Bxc5 Rxc5 45. R8d7+ Kf8 46. Rd8+ Kg7 47. Rd5 Rxd5 48. Rxd5 Ra3
49. Rd7 Kf8 50. Kf6 Rf3+ 51. Kg5 Ra3 52. Kf6 Rf3+ 53. Kg5 Ra3 54. Kf6 Rf3+
1/2-1/2

[Event "WCh w Blitz Final"]
[Site "Moscow RUS"]
[Date "2010.09.17"]
[Round "4"]
[White "Muzychuk,M"]
[Black "Skripchenko,A"]
[Result "1/2-1/2"]
[WhiteElo "2464"]
[BlackElo "2464"]
[EventDate "2010.09.17"]

1. e4 d6 2. d4 Nf6 3. Nc3 g6 4. Bg5 Nbd7 5. Nf3 h6 6. Be3 c6 7. Qd2 e5 8.
h3 Qe7 9. O-O-O Bg7 10. g4 a6 11. g5 hxg5 12. Bxg5 b5 13. dxe5 dxe5 14. Bd3
Bb7 15. Ne2 Nc5 16. Qa5 Bh6 17. Ng3 Bxg5+ 18. Nxg5 Nh5 19. Nf3 Nf4 20. Qc3
Nd7 21. Ne2 Nxe2+ 22. Bxe2 O-O-O 23. Rd2 f6 24. h4 c5 25. Qe3 Qe6 26. Kb1
Qc6 27. Rd5 Qc7 28. Rdd1 Qc6 29. Rd5 Qc7 30. Rdd1 1/2-1/2

[Event "WCh w Blitz Final"]
[Site "Moscow RUS"]
[Date "2010.09.17"]
[Round "4"]
[White "Gunina,V"]
[Black "Paikidze,N"]
[Result "0-1"]
[WhiteElo "2465"]
[BlackElo "2376"]
[EventDate "2010.09.17"]

1. d4 d5 2. c4 c6 3. Nf3 Nf6 4. e3 Bg4 5. Nc3 e6 6. Be2 Nbd7 7. h3 Bh5 8.
O-O Bd6 9. b3 O-O 10. Bb2 Qe7 11. Ne5 Bxe2 12. Nxe2 Rac8 13. Rc1 Rfd8 14.
Rc2 dxc4 15. Nxc4 Bb8 16. Ba3 c5 17. Na5 Qd6 18. g3 Qa6 19. Qe1 b6 20. Nc4
b5 21. Qa5 Qb7 22. Nd2 Bc7 23. Qc3 b4 24. Qc4 bxa3 25. dxc5 Ne5 26. c6 Qb6
27. Qc3 Rxd2 28. Rxd2 Nf3+ 29. Kg2 Nxd2 30. Qxd2 Qxc6+ 31. f3 Rd8 32. Qb4
a5 33. Qxa3 Rd2 34. Rf2 Qc2 35. Qc1 Qxc1 36. Nxc1 Rxf2+ 37. Kxf2 Nd5 38. e4
Nb4 39. f4 Kf8 40. Ke3 Ke7 41. Kd4 Kd6 42. Kc4 Kc6 43. a3 Nc2 44. b4 Nxa3+
45. Kb3 axb4 46. Kxb4 Bd6+ 47. Kc3 Nb5+ 48. Kd3 e5 49. Ne2 exf4 50. gxf4 f6
51. Ke3 Kd7 52. Kf3 Ke6 53. Ng3 Nd4+ 54. Ke3 Bc5 55. Kd3 Nf3 56. Nf5 g6 57.
Ng3 Ng1 58. f5+ Kf7 59. e5 fxe5 60. Ke4 Bd4 61. h4 h5 62. fxg6+ Kxg6 63.
Nf5 Ne2 64. Ne7+ Kf6 65. Nd5+ Kg6 66. Ne7+ Kf7 67. Nf5 Ba1 68. Nd6+ Ke6 69.
Nf5 Nc3+ 0-1

[Event "WCh w Blitz Final"]
[Site "Moscow RUS"]
[Date "2010.09.17"]
[Round "4"]
[White "Kosintseva,T"]
[Black "Koneru,H"]
[Result "1-0"]
[WhiteElo "2573"]
[BlackElo "2593"]
[EventDate "2010.09.17"]

1. e4 e5 2. Nf3 Nc6 3. Bb5 a6 4. Ba4 Nf6 5. O-O Be7 6. Re1 b5 7. Bb3 d6 8.
c3 O-O 9. h3 Na5 10. Bc2 c5 11. d4 Nd7 12. Nbd2 exd4 13. cxd4 Nc6 14. d5
Nce5 15. a4 Rb8 16. Nxe5 Nxe5 17. f4 Ng6 18. Nf3 Bh4 19. Rf1 Bg3 20. f5 Ne5
21. Ng5 h6 22. f6 g6 23. Nf3 Qxf6 24. Bxh6 Re8 25. axb5 axb5 26. Nxe5 Qxe5
27. Ra3 Re7 28. Rxg3 Qxg3 29. Bf4 Qh4 30. Bxd6 Ra8 31. Bxe7 Qxe7 32. d6 Qe6
33. e5 Bb7 34. Qe2 c4 35. Rf6 Qd5 36. Bxg6 fxg6 37. Rxg6+ Kf7 38. Rf6+ Ke8
39. Qh5+ Kd7 40. Qf7+ 1-0

[Event "WCh w Blitz Final"]
[Site "Moscow RUS"]
[Date "2010.09.17"]
[Round "5"]
[White "Koneru,H"]
[Black "Kosintseva,N"]
[Result "1/2-1/2"]
[WhiteElo "2593"]
[BlackElo "2565"]
[EventDate "2010.09.17"]

1. d4 Nf6 2. c4 e6 3. Nc3 Bb4 4. Qc2 O-O 5. a3 Bxc3+ 6. Qxc3 d5 7. Nf3 dxc4
8. Qxc4 b6 9. Bg5 Ba6 10. Qa4 c5 11. dxc5 bxc5 12. Rd1 Qb6 13. Bxf6 gxf6
14. e3 Bxf1 15. Kxf1 Nc6 16. g3 Rad8 17. Kg2 Rxd1 18. Rxd1 Rd8 19. Rxd8+
Nxd8 20. Nd2 Kg7 21. Qg4+ Kf8 22. Nc4 Qb7+ 23. Kh3 Ke7 24. Qf4 Qd7 25. Qe4
Qd5 26. Qc2 Nc6 27. e4 Qd4 28. Kg2 Ne5 29. Nxe5 fxe5 30. b3 a5 31. a4 f6
32. h4 Kf7 33. Qe2 Ke7 34. Qf3 Kf7 35. Qh5+ Kg7 36. Qg4+ Kf7 37. Qe2 Kg7
38. Kg1 Qa1+ 39. Kh2 Qd4 40. g4 h6 41. Kg2 Kg6 42. Qf3 Qd2 43. h5+ Kf7 44.
Kg3 Ke7 45. Kg2 Kf7 46. Kg3 Ke7 47. Kg2 Kf7 48. Kg3 Ke7 49. Kg2 Kf7 50. Kg3
Ke8 1/2-1/2

[Event "WCh w Blitz Final"]
[Site "Moscow RUS"]
[Date "2010.09.17"]
[Round "5"]
[White "Paikidze,N"]
[Black "Zhukova,N"]
[Result "1-0"]
[WhiteElo "2376"]
[BlackElo "2499"]
[EventDate "2010.09.17"]

1. d4 d5 2. c4 e6 3. Nf3 c5 4. cxd5 exd5 5. Nc3 Nc6 6. g3 c4 7. Bg2 Bb4 8.
O-O Nge7 9. Bd2 O-O 10. a3 Ba5 11. Re1 Bg4 12. Nb5 a6 13. Bxa5 Nxa5 14. Nc3
Nb3 15. Rb1 Nc6 16. Nd2 Ncxd4 17. Nxb3 Nxb3 18. Bxd5 b5 19. Bxa8 Qxa8 20.
f3 Rd8 21. Qc2 Be6 22. Rbd1 Nd4 23. Qc1 h6 24. Qf4 Nc2 25. Rxd8+ Qxd8 26.
Rd1 Qb6+ 27. Kh1 Qf2 28. Qe4 g6 29. Qxc2 Bh3 30. Rg1 Bf5 31. Ne4 Qe3 32.
Rd1 h5 33. Qc3 1-0

[Event "WCh w Blitz Final"]
[Site "Moscow RUS"]
[Date "2010.09.17"]
[Round "5"]
[White "Krush,I"]
[Black "Gunina,V"]
[Result "0-1"]
[WhiteElo "2490"]
[BlackElo "2465"]
[EventDate "2010.09.17"]

1. d4 d5 2. c4 c6 3. Nf3 Nf6 4. Nc3 dxc4 5. a4 Bf5 6. Ne5 Nbd7 7. Nxc4 Nb6
8. Ne5 a5 9. e3 Nbd7 10. g4 Nxe5 11. gxf5 Ned7 12. e4 Qc7 13. e5 Nxe5 14.
dxe5 Qxe5+ 15. Be3 Qxf5 16. Qb3 O-O-O 17. Qb6 Nd5 18. Nxd5 Qxd5 19. Bh3+ e6
20. O-O Bd6 21. Rfd1 Qe5 22. f4 Qh5 23. Bg2 Bc7 24. Qb3 g5 25. Rxd8+ Rxd8
26. Rf1 gxf4 27. Bxf4 Bxf4 28. Rxf4 Qc5+ 29. Rf2 Rd2 30. Qf3 f5 31. b3 Qd4
32. Bf1 f4 33. Kg2 Qg7+ 34. Kh1 Rxf2 35. Qxf2 Qg5 36. Bh3 Qd5+ 37. Kg1 Qxb3
38. Qg2 Qd1+ 39. Kf2 Qd2+ 40. Kf3 Qe3+ 41. Kg4 Kc7 42. Kh4 f3 43. Qg7+ Kb6
44. Qb2+ Ka7 45. Qb1 h6 46. Bg4 Qg5+ 47. Kh3 f2 48. Qf1 Qe3+ 49. Kg2 Qe4+
50. Kg3 Qxa4 51. Qxf2+ Kb8 52. Bxe6 Qa3+ 53. Kg4 Qb4+ 54. Kf5 Qb1+ 55. Kf6
Qa1+ 56. Ke7 Qg7+ 57. Kd6 Qc7+ 58. Kc5 Qe5+ 59. Kb6 Qb2+ 60. Kc5 Qb4+ 0-1